| 000 | 00593nam a22001817a 4500 | ||
|---|---|---|---|
| 020 | _a9693502639 | ||
| 082 |
_a891.4392 _bTAR |
||
| 100 | _aTarar, Mustansar Hussain | ||
| 245 |
_aParwaaz/ _cMustansar Hussain Tarar, |
||
| 260 |
_aLahore ; _bsang e mil, _c2003. |
||
| 300 |
_a208p.: _c25cm. |
||
| 563 | _aHB | ||
| 650 |
_aPakistani literature—20th century _9129623 |
||
| 880 |
_6100-01\(3\r _aمستنصر حسین تارڑ, |
||
| 880 |
_6245-02\(3\r _aپرواز, _bمستنصر حسین تارڑ, |
||
| 880 |
_6260-03\(3\r _aلاہور ؛ _bسنگِ میل, _c2003. |
||
| 942 |
_2ddc _cBK |
||
| 999 |
_c614226 _d614226 |
||